Tři ze čtyř mladých Evropanů fandí flexibilitě v práci

Postoje jednotlivých krajín ku flexibilnej práci. Význam pružnej pracovnej doby pre najmladšiu a najstaršiu generáciu na trhu práce.

Guardado en:
Detalles Bibliográficos
Formato: Capítulo de libro
Lenguaje:checo
Materias:
Etiquetas: Agregar Etiqueta
Sin Etiquetas, Sea el primero en etiquetar este registro!

MARC

LEADER 00000naa a2200000 4500
001 0217106
005 20231113135251.9
041 0 |a cze 
044 |a CZ 
245 1 0 |a Tři ze čtyř mladých Evropanů fandí flexibilitě v práci 
520 |a Postoje jednotlivých krajín ku flexibilnej práci. Význam pružnej pracovnej doby pre najmladšiu a najstaršiu generáciu na trhu práce. 
610 2 0 |a práca flexibilná 
610 2 0 |a čas pracovný pohyblivý 
610 2 0 |a Európa